000 00614nam a22001817a 4500
999 _c167148
_d167148
005 20220215114758.0
010 _aENG-126273
020 _c125.00
_a978-93-84566-08-1
035 _aEN-109805
037 _bDBAD/PUB
082 _a916
245 _aReflections On Africa:
_bSelect Articles From The Modern Review/
_cEdited Arnab Nag
260 _aKolkata
_bInstitute Of Social And Cultural Studies
_c2017
270 _bNew Delhi
_a48/2, Dr. Suresh Sarkar Road Kolkata
_e700014
_k033-65339003
_miscskol@gmail.com
300 _a78p.
_c21cm(pbk)
700 _aArnab Nag
942 _2ddc
_cEN
_h916
_mREF